| 000 | 00803cab a2200229 4500 | ||
|---|---|---|---|
| 001 | WB3501-05 | ||
| 008 | 090401t1999 xxu||||| |||| 00| 0 eng d | ||
| 035 | _a(Sirsi) u90506 | ||
| 041 | _aeng | ||
| 245 | 4 | _aThe heat beneath our feet | |
| 260 | _c1999 | ||
| 350 | _a0 | ||
| 490 |
_aFinancial Times _v5 January 1999, 14(2) |
||
| 520 | _aTwo projects, one in the Isle of Man and one in the south east, are pioneering the linking of cooling systems to underground water which remains at a constant temperature. Such techniques could lead to big reductions in companies` energy costs. | ||
| 650 | _aCOOLING SYSTEMS | ||
| 650 | _aENERGY CONSUMPTION | ||
| 650 | _aGREEN BUILDINGS | ||
| 650 | _aHEATING SYSTEMS | ||
| 690 | _aBUILDING AND CONSTRUCTION-ENERGY | ||
| 942 | _n0 | ||
| 948 | _c05/01/1999 | ||
| 999 |
_c57387 _d57387 |
||